| 000 | 00704nam a2200229 u 4500 | ||
|---|---|---|---|
| 005 | 20250301063806.0 | ||
| 008 | 170222m2005 mx r 000 0 spa d | ||
| 020 | _a9709833014 | ||
| 035 | _aUPN01000216232 | ||
| 049 | _aI | ||
| 050 | 4 |
_aPZ75 _aG6.76 |
|
| 100 | 1 |
_aGómez Benet, Nuria _935602 |
|
| 245 | 1 | 3 |
_aLa tonada de Juan Luis / _cNuria Gómez Benet. |
| 260 |
_aMéxico : _bCONAPRED, _c2005. |
||
| 300 |
_a29 p. : _bil. col. |
||
| 440 | 0 |
_aKipatla. _pPara tratarnos igual |
|
| 650 | 4 |
_aDISCRIMINACION - _vLITERATURA INFANTIL _923110 |
|
| 650 | 4 |
_aDiscriminación hacia las personas con discapacidad _911285 |
|
| 650 | 4 |
_aIgualdad ante la ley _914260 |
|
| 905 | _aInfantil | ||
| 999 |
_c188332 _d188332 |
||